000 00851nam a2200253 i 4500
001 150981
003 ES-MaACL
005 20250809014812.0
007 t|
008 071123s2007 sp ||||1| spa d
020 _a978-84-7914-886-7
080 _a348.71(460)
080 _a342.731(460)
100 1 _aCorral, Carlos.
_940707
245 1 0 _aConfesiones religiosas y estado español
_b: régimen jurídico /
_cCarlos Corral Salvador.
260 _aMadrid :
_bBiblioteca de Autores Cristianos,
_c2007.
300 _aXIX, 453 p. ;
_c20 cm.
490 1 _aBiblioteca de autores cristianos ;
_v668
650 1 4 _aDerecho eclesiástico-
_zEspaña
_911704
650 1 4 _aLibertad religiosa-
_zEspaña.
_914417
830 0 0 _aBiblioteca de autores cristianos
_v668
_9178679
852 _aES-MaACL
_jJ-655
_bR.142649
999 _c150981
_d150981